[Event "ISR-chT U18"]
[Site "Beer Yaakov"]
[Date "2022.08.15"]
[Round "5.2"]
[White "Bialik, Eyal"]
[Black "Cohen, Asaf"]
[Result "1-0"]
[WhiteElo "1804"]
[BlackElo "1450"]
[PlyCount "119"]
[EventDate "2022.08.14"]
[EventType "team-swiss"]
[EventRounds "7"]
[EventCountry "ISR"]
[SourceTitle "CBM 209 Extra"]
[Source "ChessBase"]
[SourceDate "2022.09.30"]
[SourceVersion "1"]
[SourceVersionDate "2022.09.30"]
[SourceQuality "1"]

1. e4 e6 2. d4 d5 3. exd5 exd5 4. Bd3 Bd6 5. Be3 Ne7 6. c3 Nbc6 7. Qc2 Be6 8. Nf3 h6 9. Nbd2 f5 10. Nb3 b6 11. 0-0-0 a5 12. Kb1 Rf8 13. Rde1 a4 14. Nc1 a3 15. b3 Bg8 16. h4 Kd7 17. Ne2 Kc8 18. Bf4 Kb7 19. h5 Bh7 20. g3 Ng8 21. Bxd6 Qxd6 22. Nf4 Rae8 23. Bb5 Nf6 24. Bxc6+ Qxc6 25. Ne5 Qd6 26. f3 Rg8 27. Ka1 Re7 28. Re2 Rge8 29. Rhe1 Nd7 30. Nxd7 Qxd7 31. Re5 c5 32. Qe2 Rxe5 33. dxe5 Re7 34. e6 Qd6 35. Qe5 Qxe5 36. Rxe5 Bg8 37. Rxf5 d4 38. cxd4 cxd4 39. Rd5 Kc6 40. Rxd4 Bxe6 41. Re4 Kd6 42. Rxe6+ Rxe6 43. Nxe6 Kxe6 44. Kb1 Kf6 45. Kc2 Kg5 46. Kd3 Kxh5 47. b4 Kg6 48. Ke4 Kf6 49. Kd5 Ke7 50. Kc6 h5 51. f4 Kf6 52. Kxb6 Kf5 53. Kc6 Kg4 54. b5 Kxg3 55. b6 Kxf4 56. b7 h4 57. b8Q+ Kg4 58. Kd5 g5 59. Ke4 Kh3 60. Qb3+ 1-0